000 00537nam a2200181Ia 4500
999 _c36523
_d36523
003 OSt
005 20210127120835.0
008 190216s9999||||xx |||||||||||||| ||und||
020 _a9788121905510
040 _coclc
082 _a153.43
_bAGG/M
100 _aAggarwal, R S
_96530
245 2 _aA Modern Approach To Verbal And Non Verbal Reasoning /
_cR S Aggarwal
250 _a2nd Ed.
260 _bS Chand & Company,
_c1999.
_aNew Delhi:
300 _a431p
942 _cREF
_2ddc
_h153.43
_iAGG/M
_k153.43
_mAGG/M